Los gobiernos municipales a debate : un análisis de la institución municipal a través de la encuesta INEGI 2009 /

Entre octubre y diciembre de 2009 se elaboró la Encuesta Nacional de Gobierno, Seguridad Pública y Justicia Municipal, mediante un cuestionario de 195 preguntas que se aplicó a los municipios del país y las delegaciones del Distrito Federal. El presente estudio es un análisis de los datos de dicha e...

Ful tanımlama

Kaydedildi:
Detaylı Bibliyografya
Yazar: Cabrero Mendoza, Enrique (coord.)
Diğer Yazarlar: Arellano Gault, David (coordinación) (coordinación), Sojo Garza Aldape, Eduardo (presentación) (presentación)
Materyal Türü: Kitap
Dil:İspanyolca
Baskı/Yayın Bilgisi: México : CIDE, 2011, c2011
Seri Bilgileri:(Coyuntura y Ensayo)
Konular:
Etiketler: Etiketle
Etiket eklenmemiş, İlk siz ekleyin!

MARC

LEADER 00000nam^a2200000^a^4500
001 000349703
005 20250521000000.0
009 20260310114918.162
020 |a 978-607-7843-12-2 
037 |a Acervo ITESO - Biblioteca 
041 |a ESP 
082 |a 351. 3109720712  |b CAB 
100 |a Cabrero Mendoza, Enrique  |e (coord.) 
245 1 4 |a Los gobiernos municipales a debate :  |b un análisis de la institución municipal a través de la encuesta INEGI 2009 /  |c Coord. de E. Cabrero Mendoza, D. Arellano Gault ; presen. de E. Sojo Garza Aldape. 
264 4 |a México :  |b CIDE,  |c 2011, c2011 
300 |a 522 p. 
336 |a texto  |b txt  |2 rdacontenido 
337 |a sin mediación  |b n  |2 rdamedio 
338 |a volumen  |b nc  |2 rdasoporte 
440 1 |a (Coyuntura y Ensayo) 
520 |a Entre octubre y diciembre de 2009 se elaboró la Encuesta Nacional de Gobierno, Seguridad Pública y Justicia Municipal, mediante un cuestionario de 195 preguntas que se aplicó a los municipios del país y las delegaciones del Distrito Federal. El presente estudio es un análisis de los datos de dicha encuesta que interpreta el andamiaje estructural de las responsabilidades de los gobiernos municipales en México. 
521 |a FIL 2014 Departamento de Estudios Sociopolíticos y Jurídicos 
649 |a XX 
650 |a Municipios -  |z México -  |x Administración -  |x Tema Principal 
650 |a Municipios -  |z México -  |x Encuestas 
650 |a Municipios -  |z México -  |x Estadísticas 
650 |a Transparencia Administrativa -  |z México 
650 |a Finanzas Municipales -  |z México 
650 |a Servicios Públicos -  |z México 
650 |a Seguridad Pública -  |z México 
650 |a Participación Política -  |z México 
650 |a Tecnologías de Comunicación e Información -  |z México 
650 |a Modernización -  |z México 
650 |a Política Municipal -  |z México -  |y 2006-2012 
650 |a Administración Pública -  |z México -  |y 2006-2012 
650 |a Administración Pública -  |z México -  |x Historia -  |y Siglo XXI 
700 |a Arellano Gault, David  |e (coordinación) 
700 |a Sojo Garza Aldape, Eduardo  |e (presentación) 
910 |a Fondo General 
920 |a Impresos - Libros 
930 |a Colección General 
905 |a 101 
901 |a 0500239985  |b IT1  |c ACC  |i C143687  |u 20250521 
902 |a https://opac.biblio.iteso.mx/vufind/Record/000349703